| 000 | 00579nam a2200229Ia 4500 | ||
|---|---|---|---|
| 008 | 170203s9999 xx 000 0 und d | ||
| 020 | _a1584764090 | ||
| 050 | _a636.1 | ||
| 050 | _bR581h | ||
| 100 | _aRing, Susan. | ||
| 245 | _aHorses / | ||
| 245 | _cwritten by Susan Ring ; illustrated by Ruth Palmer. | ||
| 260 | _aNorwalk, CT : | ||
| 260 | _bInnovativeKids, | ||
| 260 | _c©2006. | ||
| 300 | _a24 pages : | ||
| 300 | _bcolor illustrations ; | ||
| 300 | _c22 cm | ||
| 440 | _aGroovy tube book. | ||
| 650 | _aHorses -- | ||
| 650 | _xJuvenile literature. | ||
| 999 |
_c306498 _d306498 |
||